Cambio de palabras, 1971-1992 / (Record no. 22414)

000 -CABECERA
campo de control de longitud fija 00693nam a22002177a 4500
003 - IDENTIFICADOR DEL NÚMERO DE CONTROL
campo de control OSt
005 - FECHA Y HORA DE LA ÚLTIMA TRANSACCIÓN
campo de control 20220608125432.0
008 - DATOS DE LONGITUD FIJA--INFORMACIÓN GENERAL
campo de control de longitud fija 220602b ||||| |||| 00| 0 spa d
020 ## - NÚMERO INTERNACIONAL ESTÁNDAR DEL LIBRO
Número Internacional Estándar del Libro 9786124272233
040 ## - FUENTE DE LA CATALOGACIÓN
Centro/agencia transcriptor Biblioteca Municipal de Cusco
082 ## - NÚMERO DE LA CLASIFICACIÓN DECIMAL DEWEY
Número de clasificación 320.92/H53
Notación interna H53
100 ## - ENTRADA PRINCIPAL--NOMBRE DE PERSONA
Nombre de persona Hildebrandt, César
Fechas asociadas al nombre 1948-
9 (RLIN) 48083
245 ## - MENCIÓN DE TÍTULO
Título Cambio de palabras, 1971-1992 /
Mención de responsabilidad, etc. César Hildebrandt
250 ## - MENCIÓN DE EDICIÓN
Mención de edición Primera edición
260 ## - PUBLICACIÓN, DISTRIBUCIÓN, ETC.
Lugar de publicación, distribución, etc. Lima :
Nombre del editor, distribuidor, etc. Debate,
Fecha de publicación, distribución, etc. 2018.
300 ## - DESCRIPCIÓN FÍSICA
Extensión 326, [4] páginas. :
Otras características físicas retratos. ;
Dimensiones 23 cm.
650 ## - PUNTO DE ACCESO ADICIONAL DE MATERIA--TÉRMINO DE MATERIA
Término de materia o nombre geográfico como elemento de entrada Políticos
Subdivisión de forma Entrevistas
Subdivisión geográfica Perú
9 (RLIN) 48084
650 ## - PUNTO DE ACCESO ADICIONAL DE MATERIA--TÉRMINO DE MATERIA
Término de materia o nombre geográfico como elemento de entrada Escritores
Subdivisión de forma Entrevistas
9 (RLIN) 48085
650 ## - PUNTO DE ACCESO ADICIONAL DE MATERIA--TÉRMINO DE MATERIA
Término de materia o nombre geográfico como elemento de entrada Periodistas
Subdivisión de forma Entrevistas
Subdivisión geográfica Perú
9 (RLIN) 48086
942 ## - ELEMENTOS DE PUNTO DE ACCESO ADICIONAL (KOHA)
Fuente del sistema de clasificación o colocación
Tipo de ítem Koha Libros-BMC
Holdings
Estado de retiro Estado de pérdida Fuente del sistema de clasificación o colocación Estado dañado No para préstamo Localización permanente Ubicación/localización actual Ubicación en estantería Fecha de adquisición Fuente de adquisición Coste, precio normal de compra Signatura topográfica completa Código de barras Fecha visto por última vez Precio válido a partir de Tipo de ítem Koha
          Sala Humanidades Sala Humanidades Book Cart 2022-06-08 Donación 45.00 320.92/H53 SH0000016275 2022-06-08 2022-06-08 Libros-BMC
          Sala Humanidades Sala Humanidades Book Cart 2022-06-08 Donación 45.00 320.92/H53/e.2 SH0000016276 2022-06-08 2022-06-08 Libros-BMC

Powered by Koha